La violencia : marco teórico a partir de la antropología de Xavier Zubiri /

Gespeichert in:
Bibliographische Detailangaben
1. Verfasser: Cancino Franklin, Alejandro Patricio (autor)
Format: Abschlussarbeit Buch
Sprache:Spanisch
Schlagworte:
Tags: Tag hinzufügen
Keine Tags, Fügen Sie das erste Tag hinzu!

MARC

LEADER 00000nam^a2200000^a^4500
001 000187953
005 20250521000000.0
009 20260310102321.128
037 |a Acervo ITESO - Biblioteca 
041 |a ESP 
090 |a FIL. 69 
100 |a Cancino Franklin, Alejandro Patricio  |e (autor) 
240 1 4 |a [La violencia: elementos para un marco teórico a partir de la antropología de Xavier Zubiri] 
245 1 3 |a La violencia :  |b marco teórico a partir de la antropología de Xavier Zubiri /  |c A.P. Cancino Franklin. 
264 |a Guadalajara, México :  |b edición de autor,  |c 2005 
300 |a 1 disco compacto de computadora 
336 |a datos para computadora  |b cod  |2 rdacontenido 
337 |a computadora  |b c  |2 rdamedio 
338 |a disco de computadora  |b cd  |2 rdasoporte 
502 |a ITESO Tesis de Licenciatura en Filosofía y Ciencias Sociales 
649 |a XX 
650 |a Filósofos Españoles 
650 |a Violencia 
650 |a Agresividad 
650 |a Diferencia y Otredad 
650 |a Familia 
650 |a Relaciones Familiares 
650 |a Interacción Social 
650 |a Organización Social 
650 |a Socialización 
650 |a Antropología Filosófica 
650 |a Antropología Cultural 
650 |a Realidad -  |x Filosofía 
650 |a Filosofía del Siglo XX -  |x Historia y Crítica 
650 |a Filosofía Española -  |x Historia y Crítica 
650 |a Zubiri, Xavier 
910 |a Fondo General 
920 |a Electrónicos - Tesis del ITESO en Disco 
905 |a 202 
901 |a 0500130525  |b IT2  |c STS  |u 20250521 
902 |a https://opac.biblio.iteso.mx/vufind/Record/000187953